UBT Library

Twelve Absolutes Leadership (Record no. 54915)

000 -LEADER
fixed length control field 00323nam a22001457a 4500
008 - FIXED-LENGTH DATA ELEMENTS--GENERAL INFORMATION
fixed length control field 190925b ||||| |||| 00| 0 eng d
020 ## - INTERNATIONAL STANDARD BOOK NUMBER
International Standard Book Number 9780071787123
041 ## - LANGUAGE CODE
Language code of text/sound track or separate title eng
080 ## - UNIVERSAL DECIMAL CLASSIFICATION NUMBER
Universal Decimal Classification number 316.46
082 ## - DEWEY DECIMAL CLASSIFICATION NUMBER
Classification number 316.46
100 ## - Rafti
Rafti 53
101 ## - Shkurtesa
Shkurtesa MEN
245 ## - TITLE STATEMENT
Title Twelve Absolutes Leadership
Statement of responsibility, etc Burnison.G
942 ## - ADDED ENTRY ELEMENTS (KOHA)
Source of classification or shelving scheme
Item type Books
Holdings
Withdrawn status Lost status Source of classification or shelving scheme Damaged status Not for loan Permanent location Current location Date acquired Total Checkouts Full call number Barcode Date last seen Price effective from Koha item type
          UBT - Prizren UBT - Prizren 09/25/2019   316.46 002-3020291 09/25/2019 09/25/2019 Books
          UBT - Prizren UBT - Prizren 09/25/2019   316.46 002-3020286 09/25/2019 09/25/2019 Books
          UBT - Prizren UBT - Prizren 09/25/2019   316.46 002-3020281 09/25/2019 09/25/2019 Books
          UBT - Prizren UBT - Prizren 09/25/2019   316.46 002-3020276 09/25/2019 09/25/2019 Books
          UBT - Prizren UBT - Prizren 09/25/2019   316.46 002-3020271 09/25/2019 09/25/2019 Books
          UBT - Prizren UBT - Prizren 09/25/2019   316.46 002-3020266 09/25/2019 09/25/2019 Books
          UBT - Prizren UBT - Prizren 09/25/2019   316.46 002-3020261 09/25/2019 09/25/2019 Books
          UBT - Prizren UBT - Prizren 09/25/2019   316.46 002-3020297 09/25/2019 09/25/2019 Books
          UBT - Prizren UBT - Prizren 09/25/2019   316.46 002-3020292 09/25/2019 09/25/2019 Books
          UBT - Prizren UBT - Prizren 09/25/2019   316.46 002-3020287 09/25/2019 09/25/2019 Books
UBT Library © 2015-2024. All rights reserved University Education for Business and Technology